书目信息 |
| 题名: |
生态清洁小流域建设技术
|
|
| 作者: | 杨进怀 主编 | |
| 分册: | ||
| 出版信息: | 北京 中国水利水电出版社 2018 |
|
| 页数: | 197页 | |
| 开本: | 26cm | |
| 丛书名: | 水土保持行业从业人员培训系列丛书 | |
| 单 册: | ||
| 中图分类: | TV882 | |
| 科图分类: | ||
| 主题词: | 小流域综合治理--Xiao Liu Yu Zong He Zhi Li--技术培训--教材 | |
| 电子资源: | ||
| ISBN: | 978-7-5170-6290-5 | |
| 000 | 01130nam 2200277 450 | |
| 001 | 012001000748 | |
| 005 | 20131106163353.0 | |
| 010 | @a978-7-5170-6290-5@dCNY37.00 | |
| 099 | @aCAL 012018192596 | |
| 100 | @a20181213d2018 em y0chiy50 ea | |
| 101 | 0 | @achi |
| 102 | @aCN@b110000 | |
| 105 | @aak a 000yy | |
| 106 | @ar | |
| 200 | 1 | @a生态清洁小流域建设技术@ASheng Tai Qing Jie Xiao Liu Yu Jian She Ji Shu@f主编杨进怀 |
| 210 | @a北京@c中国水利水电出版社@d2018 | |
| 215 | @a197页@c图@d26cm | |
| 225 | 2 | @a水土保持行业从业人员培训系列丛书@AShui Tu Bao Chi Hang Ye Cong Ye Ren Yuan Pei Xun Xi Lie Cong Shu |
| 320 | @a有书目 | |
| 330 | @a本书以近年来北京市生态清洁小流域建设和管理的实践为基础,以进一步推动和促进北京市乃至全国类似地区生态清洁小流域建设为目的,系统总结了生态清洁小流域建设与管理的经验和做法,力求理论与实践相结合,生态与安全相结合。 | |
| 410 | 0 | @12001 @a水土保持行业从业人员培训系列丛书 |
| 606 | 0 | @a小流域综合治理@AXiao Liu Yu Zong He Zhi Li@x技术培训@j教材 |
| 690 | @aTV882@v5 | |
| 701 | 0 | @a杨进怀@AYang Jinhuai@4主编 |
| 801 | 0 | @aCN@b北京卓展文化@c20191020 |
| 905 | @b1196763-6@dTV882@e81@f4 | |
| 生态清洁小流域建设技术/主编杨进怀.-北京:中国水利水电出版社,2018 |
| 197页:图;26cm.-(水土保持行业从业人员培训系列丛书) |
| ISBN 978-7-5170-6290-5:CNY37.00 |
| 本书以近年来北京市生态清洁小流域建设和管理的实践为基础,以进一步推动和促进北京市乃至全国类似地区生态清洁小流域建设为目的,系统总结了生态清洁小流域建设与管理的经验和做法,力求理论与实践相结合,生态与安全相结合。 |
| ● |
| 相关链接 |
|
|
|
|
正题名:生态清洁小流域建设技术
索取号:TV882/81
 
预约/预借
| 序号 | 登录号 | 条形码 | 馆藏地/架位号 | 状态 | 备注 |
| 1 | 1196763 | 211967638 | 第二样本阅览室/ [索取号:TV882/81] | 在馆 | |
| 2 | 1196764 | 211967647 | 第三借阅区/ [索取号:TV882/81] | 在馆 | |
| 3 | 1196765 | 211967656 | 第三借阅区/ [索取号:TV882/81] | 在馆 | |
| 4 | 1196766 | 211967665 | 第三借阅区/ [索取号:TV882/81] | 在馆 |